000 00464nam a2200181Ia 4500
003 GCL
008 140319s9999 xx 000 0 eng d
040 _aGCL /
_cGCL
082 0 4 _a751.426
_bD I
100 1 _aDANIELS, ALFRED
245 1 0 _aAN INTRODUCTION TO PAINTING WITH ACRYLICS /
_cDANIELS, ALFRED
260 _a[S.N] :
_bTHE APPLE PRESS ،
_c1988
300 _a128 P
650 0 4 _aARTS
650 0 4 _aPAINTING
650 0 4 _aART ACRYLICS
942 _2ddc
_cBK
999 _c18918
_d18918